000 00544nam a2200205Ia 4500
005 20250508160837.0
008 008 250505s9999 xx 000 0 eng d
037 _aTextual
040 _aFEDL
_beng
_cFEDL
041 _aeng
_2eng
084 _a370.1, RUS
_qFEDL
100 _aRusk Robert R
245 0 _aDoctrines of the great educators
250 _a4
260 _aLondon, UK
_bThe Macmillan Press Limited
_c1969
300 _avii,342p.
365 _aINR
_b35
942 _cTEXL
_h370.1, RUS
999 _c1366939
_d1366939